000 00401nam a2200145Ia 4500
008 230917s9999||||xx |||||||||||||| ||und||
040 _e50675
_aMAIN
041 _aEnglish
082 _a824.09 C645W
100 _aCockelreas, Joanne
245 0 _aWritings essays about literature: A literary rhetoric
260 _aNew York
_bHolt, Rinehart and Winston
_c1971
300 _axi, 244 p.
942 _cBK
999 _c164070
_d164070